Things that begin with G - Statistics

General Stats
  • This quiz has been taken 208 times
  • The average score is 13 of 15
Answer Stats
Hint Answer % Correct
Fruit growing on vines Grape
99%
Animal with long neck Giraffe
98%
Mix between yellow and blue Green
98%
Monopoly, Minecraft and Tetris are all types of Game
97%
Sexuallity of liking one who is the same gender as you Gay
95%
Boy and Girl
94%
Dr Seuss character who tried to steal christmas Grinch
94%
Opening passage usually for fences Gate
90%
Cartoon cat Garfield
89%
Largest island owned by denmark Greenland
87%
Natural ore, usually presented as a shiny yellow Gold
79%
Bamboo is a type of Grass
77%
Coral reef on the North-East shore of Australia Great Barrier Reef
74%
Language group containing English, German and Danish Germanic
64%
Venezuela claimed more than half of this country Guyana
61%
No matching quizzes found
Score Distribution
Percent of People with Each Score
Percentile by Number Answered
Your Score History
You have not taken this quiz